000 00400nam a2200157Ia 4500
008 240729s9999 xx 000 0 und d
022 _a2786-0752
245 0 _aMathematica Pannonica
260 _aHungary
260 _bAkadémiai Kiadó
650 _a Mathematics
650 _aScience
856 _uhttps://doaj.org/toc/107ca308c0c2419997ec5c07b6d73fe0
942 _2ddc
942 _cDOAJEJ
999 _c71283
_d71283
945 _a1
_bMadushi Gamage
_c1
_dMadushi Gamage